| 000 | 00996nam a2200205 a 4500 | ||
|---|---|---|---|
| 008 | 120416s1982 ||||||||||||||||| || u | ||
| 050 | _aHF 5657 Mah | ||
| 100 | _aMahon, James Joseph | ||
| 245 | 1 | 4 | _aThe marketing of professional accounting services |
| 246 | _aa personal practice development approach | ||
| 250 | _a2nd ed. | ||
| 260 |
_aNew York _bJohn Wiley and Sons _c1982 |
||
| 300 | _axviii, 199p. | ||
| 350 | _a0.00 | ||
| 650 | 0 | _aACCOUNTING--HANDBOOKS, MANUALS, ETC | |
| 650 | _aPROFESSIONAL ACCOUNTING | ||
| 995 |
_aANNEX COLLECTION (Main Library) _D0.00 _e707050 _FCBU-MAIN LIBRARY (Kitwe) _H1 _I0.00 _jHF 5657 Mah _M3 _UAVAILABLE _y007022 _ZAnnex Low-Usage Collection |
||
| 995 |
_aANNEX COLLECTION (Main Library) _D0.00 _e707048 _FCBU-MAIN LIBRARY (Kitwe) _H3 _I0.00 _jHF 5657 Mah _M1 _UAVAILABLE _y007020 _ZAnnex Low-Usage Collection |
||
| 995 |
_aANNEX COLLECTION (Main Library) _D0.00 _e707049 _FCBU-MAIN LIBRARY (Kitwe) _H2 _I0.00 _jHF 5657 Mah _M2 _UAVAILABLE _y007021 _ZAnnex Low-Usage Collection |
||
| 999 |
_c82664 _d82664 |
||